The masters of power

Bewaard in:
Bibliografische gegevens
Hoofdauteur: Crozier, Brian
Formaat: Boek
Taal:Undetermined
Gepubliceerd in: London Eyre & Spottiswoode 1969
Onderwerpen:
Tags: Voeg label toe
Geen labels, Wees de eerste die dit record labelt!
Thư viện lưu trữ: Trung tâm Học liệu Trường Đại học Cần Thơ
LEADER 00472nam a2200181Ia 4500
001 CTU_77635
008 210402s9999 xx 000 0 und d
082 |a 909.826 
082 |b C937 
100 |a Crozier, Brian 
245 4 |a The masters of power 
245 0 |c Brian Crozier 
260 |a London 
260 |b Eyre & Spottiswoode 
260 |c 1969 
650 |a Power (Social sciences) 
904 |i Nguyên 
980 |a Trung tâm Học liệu Trường Đại học Cần Thơ